| 000 | 00720cam a2200241 4500 | ||
|---|---|---|---|
| 001 | J84021 | ||
| 008 | 090401t1997 xxu||||| |||| 00| 0 eng d | ||
| 035 | _a(Sirsi) u78408 | ||
| 041 | _aeng | ||
| 050 | _a692.8 | ||
| 110 |
_aJoint Contracts Tribunal _93664 |
||
| 245 | _aJCT contracts, sub-contracts and arbitration rules: note to users: arbitration. - March 1997 | ||
| 260 |
_aLondon _bRIBA Publications _c1997 |
||
| 300 | _a2p. ; 30cm. | ||
| 350 | _a0 | ||
| 650 | _aARBITRATION ACT 1996 | ||
| 650 | _aARBITRATION RULES | ||
| 650 | _aBUILT ENVIRONMENT-BUILDING CONTRACT FORMS | ||
| 650 | _aJCT ARBITRATION RULES | ||
| 690 | _aBUILT ENVIRONMENT-BUILDING CONTRACT FORMS | ||
| 942 | _n0 | ||
| 948 | _c19/05/1997 | ||
| 999 |
_c96442 _d96442 |
||